Reingeniería del sistema de información gerencial en Restaurantes AS

Gespeichert in:
Bibliographische Detailangaben
1. Verfasser: Calvo Delgado, Gioconda
Weitere Verfasser: Murillo Kopper, Marcela
Format: Buch
Sprache:Spanish
Veröffentlicht: San José, Costa Rica 1995
Schlagworte:
Tags: Tag hinzufügen
Keine Tags, Fügen Sie den ersten Tag hinzu!

MARC

LEADER 00000nam a22000007a 4500
003 011883
005 20221231144118.0
008 161006b1995 cr a|||| |||| 00| ||spa d
040 |c cru CEDI  
090 |a TFG 3276 
100 |9 5376  |a Calvo Delgado, Gioconda 
245 |a Reingeniería del sistema de información gerencial en Restaurantes AS 
260 |a San José, Costa Rica  |c 1995 
300 |a  2 volúmenes : ilustraciones  
500 |a Proyecto de graduacion (licenciatura en ingenieria industrial)--Universidad de Costa Rica. Facultad de Ingeniería. Escuela de Ingenieria Industrial 
650 |x RESTAURANTES AS (COSTA RICA) - ADMINISTRACION  |x SISTEMAS DE INFORMACION EN ADMINISTRACION  |9 5378 
700 |9 5377  |a Murillo Kopper, Marcela 
942 |c TFG 
999 |c 17065  |d 17065